Statistics for Potluck Scramble #2

Click here to take the quiz!

General Stats

  • This quiz has been taken 224 times
    (206 since last reset)
  • The average score is 11 of 18

Answer Stats

CategoryAnswer% Correct
DamHoover
95%
US StateFlorida
93%
CountryJamaica
90%
PlaywrightWilde
82%
SuperheroBatman
76%
VegetableTurnip
69%
FruitOrange
65%
Capital CityDublin
64%
Body PartStomach
61%
LanguageSpanish
60%
French CityCannes
57%
ReligionJudaism
56%
Pop ArtistMadonna
51%
Musical InstrumentPiccolo
50%
Kitchen ApplianceToaster
42%
BirdPelican
32%
Major AirlineEmirates
27%
SeaTasman
21%

Score Distribution

Percentile by Number Answered

Percent of People with Each Score

Your Score History

You have not taken this quiz since the last reset